Instrumentación química: estudio sistemático del análisis instrumental
Uloženo v:
| Hlavní autor: | |
|---|---|
| Médium: | Kniha |
| Jazyk: | španělština |
| Vydáno: |
Ciudad de México
Limusa Wiley
1968
|
| Témata: | |
| Tagy: |
Přidat tag
Žádné tagy, Buďte první, kdo vytvoří štítek k tomuto záznamu!
|
MARC
| LEADER | 00000nam a2200000 a 4500 | ||
|---|---|---|---|
| 001 | UCU3789 | ||
| 003 | CL-VaPUC | ||
| 008 | 960510e19680000MX |||||||||||||||||spa|d | ||
| 082 | 0 | 4 | |a 542 |b STR |2 21 |
| 100 | 0 | |a Strobel, Howard A |e author |9 360921 | |
| 245 | 1 | 0 | |a Instrumentación química: estudio sistemático del análisis instrumental |
| 300 | |a 719 p | ||
| 942 | |c BK | ||
| 945 | |d 19960510 00:00:00 |a paguirre | ||
| 260 | |a Ciudad de México |b Limusa Wiley |c 1968 | ||
| 650 | 0 | |a Química analítica |9 259648 | |
| 650 | 7 | |a INSTRUMENTOS DE MEDIDA |2 CL-VaPUC |9 262517 | |
| 650 | 7 | |a EQUIPO OPTICO |2 CL-VaPUC |9 360922 | |
| 650 | 7 | |a ENERGIA RADIANTE |2 CL-VaPUC |9 360923 | |
| 650 | 0 | |a Electromagnetismo |9 260123 | |
| 650 | 7 | |a FLUROMETRIA |2 CL-VaPUC |9 360924 | |
| 650 | 0 | |a Espectrofotometría |9 360575 | |
| 583 | |a last modification |c 20150713 14:25:18 |k Rodrigo Vera | ||
| 999 | |c 247678 |d 247676 | ||
| 952 | |0 0 |1 0 |4 0 |6 542_000000000000000_STR_1968 |7 0 |8 A |9 263754 |a BIBCUR |b BIBCUR |d 2019-11-19 |i 1752081 |o 542 STR 1968 |p 1752081 |r 2025-04-22 |w 2019-11-19 |y BK |k BCB | ||
| 952 | |0 0 |1 0 |4 0 |6 542_000000000000000_STR_1968 |7 0 |8 A |9 263755 |a BIBCUR |b BIBCUR |d 2019-11-19 |i 175243K |o 542 STR 1968 |p 175243K |r 2025-04-22 |w 2019-11-19 |y BK |k BCB | ||
| 952 | |0 0 |1 0 |4 0 |6 542_000000000000000_STR_1968 |7 0 |8 A |9 263756 |a BIBCUR |b BIBCUR |d 2019-11-19 |i 3462943 |l 1 |o 542 STR 1968 |p 3462943 |r 2025-05-02 |s 2025-04-22 |w 2019-11-19 |y BK |k BCB | ||
| 952 | |0 0 |1 0 |4 0 |6 542_000000000000000_STR_1968 |7 0 |8 A |9 263757 |a BIBCUR |b BIBCUR |d 2019-11-19 |i 178272K |o 542 STR 1968 |p 178272K |r 2025-04-22 |w 2019-11-19 |y BK |k QUI | ||